| 000 | 00982nam0a22002891 4500 | ||
|---|---|---|---|
| 001 | RU\NLR\INFOCOMM_17\5000667104 | ||
| 005 | 20250613094619.0 | ||
| 035 | _a(NLR Aleph) 009268282 | ||
| 090 |
_a9085934 _c9085934 |
||
| 100 | _a20100825d1971 |||y0rusy50 ca | ||
| 101 | 1 |
_aeng _crus |
|
| 102 | _aRU | ||
| 105 | _aa ||||000|y | ||
| 200 | 1 |
_aPropagation of radio waves _fM. Dolukhanov _gTransl. from the Russ. by Boris Kuznetsov |
|
| 210 |
_aΜ. _c"Mir" _d1971 |
||
| 215 |
_a375 с. _cил., карт. _d22 см |
||
| 300 | _aДоп. тит. л. на рус. яз.: М. Долуханов. Распространение радиоволн | ||
| 320 | _aБиблиогр.: с. 362-365 | ||
| 686 |
_aТ8-295 _2rubbk |
||
| 686 |
_a(З841-019) _2rubbk |
||
| 700 | 1 |
_9z01790 _aDoluchanov _bM. P. _f1907- _gMark Pavlovič _4070 |
|
| 790 | 1 |
_9z01700 _aDolukhanov _bM. _4070 |
|
| 801 | 1 |
_aRU _bNLR _c20100825 |
|
| 801 | 0 |
_aRU _bNLR _gPSBO |
|
| 852 |
_aNLR _jТ95 Д-5/66 |
||
| 942 | _cBOOK | ||
| 980 | _aNB | ||